Statistics for Oldest NFL Teams

Click here to take the quiz!

General Stats

  • This quiz has been taken 1,681 times
  • The average score is 9 of 12

Answer Stats

Started inTeam name% Correct
1921Green Bay Packers
94%
1920Chicago Bears
89%
1946Cleveland Browns
80%
1925New York Giants
80%
1933Pittsburgh Steelers
78%
1930Detroit Lions
76%
1898Arizona Cardinals
74%
1933Philadelphia Eagles
70%
1937St. Louis Rams
69%
1932Washington Redskins
68%
1946San Francisco 49ers
65%
1946Baltimore Ravens
47%

Score Distribution

Percentile by Number Answered

Percent of People with Each Score

Your Score History

You have not taken this quiz